000 00419nam a22001577a 4500
999 _c17588
_d17588
003 OSt
005 20221109155002.0
008 221108b ||||| |||| 00| 0 eng d
040 _c0
100 _aBuban, Charles E.
_946726
245 _a Drive home a Hyundai with just a click /
260 _aPhilippines ;
_cMarch 11, 2020.
_bInquirer,
300 _apage B4 - 3.
650 _aTechnology.
_946727
942 _2ddc
_cPER